[Event "Wch U16 Girls"]
[Site "Montesilvano"]
[Date "2023.11.13"]
[Round "1"]
[White "Park, Haneul"]
[Black "Enkhrii, Enkh Amgalan"]
[Result "0-1"]
[WhiteElo "1461"]
[BlackElo "1821"]
[PlyCount "148"]
[EventDate "2023.11.13"]
[EventType "swiss"]
[EventRounds "11"]
[EventCountry "ITA"]
[SourceTitle "CB48_2023"]
[SourceDate "2023.11.29"]
[SourceVersion "1"]
[SourceVersionDate "2023.11.29"]
[SourceQuality "1"]

1. d4 Nf6 2. c4 c5 3. d5 e6 4. Nc3 exd5 5. cxd5 d6 6. e4 g6 7. Nf3 Bg7 8. Bd3 0-0 9. 0-0 Bg4 10. h3 Bxf3 11. Qxf3 Nbd7 12. Bf4 Qe7 13. Bc2 Nh5 14. Bd2 Ne5 15. Qe3 a6 16. b3 b5 17. Rac1 Nd7 18. Ne2 Rfe8 19. Bc3 Nhf6 20. Ng3 Nxd5 21. exd5 Qxe3 22. fxe3 Bxc3 23. Ne4 Be5 24. Rf3 Rac8 25. Bd3 f5 26. Nf2 Nf6 27. g4 fxg4 28. Nxg4 Nxd5 29. e4 Nb4 30. Bb1 Rf8 31. Nxe5 dxe5 32. Rfc3 a5 33. Rxc5 Rxc5 34. Rxc5 Rd8 35. Rc1 Rd6 36. a3 Nc6 37. Kf1 Nd4 38. b4 axb4 39. axb4 Kg7 40. Ba2 Nc6 41. Rc5 Nxb4 42. Bb3 Rd3 43. Be6 Rd4 44. Rxb5 Rxe4 45. Rb7+ Kf6 46. Bg8 h5 47. Rb6+ Kg7 48. Bb3 Nd3 49. Rd6 Re1+ 50. Kg2 Nf4+ 51. Kf2 Rh1 52. Be6 Rh2+ 53. Kg3 Rg2+ 54. Kf3 h4 55. Ke4 Rg3 56. Kxe5 Nxe6 57. Rxe6 Re3+ 58. Kd5 Rxh3 59. Ke4 Rg3 60. Kf4 Rg1 61. Re2 Kf6 62. Rh2 g5+ 63. Ke3 Kf5 64. Kf2 Ra1 65. Rh3 Ra2+ 66. Kg1 Kg4 67. Rc3 h3 68. Rc4+ Kg3 69. Rc3+ Kh4 70. Rc4+ g4 71. Rc8 Ra3 72. Rh8+ Kg3 73. Kf1 Ra1+ 74. Ke2 h2 0-1

[Event "Toronto Excelsior op"]
[Site "Toronto"]
[Date "2023.09.09"]
[Round "6"]
[White "Park, Haneul"]
[Black "Moses, Neil"]
[Result "0-1"]
[WhiteElo "1405"]
[BlackElo "1913"]
[PlyCount "148"]
[EventDate "2023.09.06"]
[EventType "swiss"]
[EventRounds "9"]
[EventCountry "CAN"]
[SourceTitle "EXT 2024"]
[Source "ChessBase"]
[SourceDate "2023.10.10"]
[SourceVersion "1"]
[SourceVersionDate "2023.10.10"]
[SourceQuality "1"]

1. d4 Nf6 2. c4 e6 3. Nf3 d5 4. Nc3 c6 5. e3 Nbd7 6. Qc2 Bd6 7. Bd3 dxc4 8. Bxc4 b5 9. Bd3 Bb7 10. 0-0 a6 11. Ne4 Nxe4 12. Bxe4 Rc8 13. b3 Nf6 14. Bb2 Nxe4 15. Qxe4 Qe7 16. Qd3 0-0 17. Rac1 Rfd8 18. Qe2 c5 19. dxc5 Bxc5 20. Rfd1 Bd6 21. e4 e5 22. g3 Qe6 23. Rxc8 Rxc8 24. Qd3 Bc7 25. Nh4 g6 26. Ng2 Rd8 27. Qe2 Rxd1+ 28. Qxd1 Bxe4 29. Qe2 Bb7 30. Ne3 Qc6 31. f3 Qxf3 32. Qxf3 Bxf3 33. Kf2 e4 34. Nd5 Bd6 35. Nf6+ Kf8 36. Nxh7+ Ke7 37. Ng5 Bc5+ 38. Kf1 Be3 39. Nh3 Ke6 40. Ng1 Kf5 41. Ne2 Kg4 42. Ng1 f5 43. Bf6 g5 44. Bc3 f4 45. Be1 Bd1 46. h3+ Kf5 47. Ne2 f3 48. g4+ Ke6 49. Nc3 Bc2 50. Bg3 Bd4 51. Nxe4 Bxe4 52. h4 gxh4 53. Bxh4 Bb1 54. a3 Ba2 55. b4 Bb2 56. Kf2 Bd5 57. g5 Bxa3 58. g6 Bxb4 59. g7 Kf7 60. Bg3 Kxg7 61. Be5+ Kg6 62. Bd4 Kf5 63. Be3 a5 64. Bc1 a4 65. Bb2 Ke4 66. Ba1 a3 67. Bf6 a2 68. Ba1 Kd3 69. Bf6 Bc3 70. Bxc3 Kxc3 71. Kg3 a1Q 72. Kf2 Qb2+ 73. Kg3 f2 74. Kg4 f1Q 0-1

[Event "Olympiad Women-44"]
[Site "Chennai"]
[Date "2022.08.07"]
[Round "9.2"]
[White "Park, Haneul"]
[Black "Silva Rosas, Natalia"]
[Result "0-1"]
[WhiteElo "1531"]
[BlackElo "1780"]
[PlyCount "166"]
[EventDate "2022.07.29"]
[EventType "team-swiss"]
[EventRounds "11"]
[EventCountry "IND"]
[SourceTitle "CBM 210"]
[Source "ChessBase"]
[SourceDate "2022.10.31"]
[SourceVersion "1"]
[SourceVersionDate "2022.10.31"]
[SourceQuality "1"]
[WhiteTeam "South Korea (W)"]
[BlackTeam "Uruguay (W)"]
[WhiteTeamCountry "KOR"]
[BlackTeamCountry "URU"]

1. d4 f5 2. c4 g6 3. g3 Nf6 4. Nc3 Bg7 5. Bg2 d6 6. Nf3 0-0 7. 0-0 c6 8. d5 c5 9. Qc2 Na6 10. a3 Nc7 11. Rd1 Qe8 12. Be3 h6 13. h4 Bd7 14. Ra2 Qf7 15. b4 Ng4 16. Bf4 Na6 17. b5 Nc7 18. Nh2 Ne5 19. Nb1 Ne8 20. Nf3 Ng4 21. Nh2 Nef6 22. Nxg4 fxg4 23. e4 Nh5 24. Be3 b6 25. a4 Kh7 26. Qd2 a5 27. e5 Bf5 28. e6 Qg8 29. Nc3 Nf6 30. Bf4 Qh8 31. Ne2 Ne4 32. Qe3 Nf6 33. Qd2 Kg8 34. Re1 Be4 35. Bxe4 Nxe4 36. Qd3 g5 37. Qxe4 gxf4 38. Nxf4 Bd4 39. Ng6 Qf6 40. Nxf8 Rxf8 41. Qxg4+ Kh8 42. Rf1 Rg8 43. Qh5 Rxg3+ 44. Kh2 Rf3 45. Qe8+ Kh7 46. Qf7+ Qxf7 47. exf7 Be5+ 48. Kg2 Rxf7 49. Rc2 Rf4 50. h5 Kg7 51. Rg1 Kf7 52. Rh1 Rd4 53. Rh3 Rd1 54. Rh1 Rd4 55. Rh3 Kf6 56. Rf3+ Bf4 57. Rh3 Kf5 58. Rf3 Re4 59. Rh3 Kg5 60. Rh1 Be5 61. Kf3 Rd4 62. Ke2 Rg4 63. Kf3 Kf5 64. Rcc1 Bd4 65. Rh2 Bf6 66. Ke3 Bg5+ 67. f4 Bxf4+ 68. Kd3 Bxh2 69. Re1 Be5 70. Rf1+ Rf4 71. Rg1 Rf3+ 72. Ke2 Rh3 73. Rg6 Rxh5 74. Rg8 Rh4 75. Rb8 Rxc4 76. Rxb6 Rxa4 77. Rb8 Ke4 78. Rb7 Ra2+ 79. Kf1 Kxd5 80. Rxe7 Rb2 81. Rb7 c4 82. b6 c3 83. Rc7 Rxb6 0-1

[Event "Olympiad Women-44"]
[Site "Chennai"]
[Date "2022.08.02"]
[Round "5.3"]
[White "Park, Haneul"]
[Black "Bacic, Kristina"]
[Result "0-1"]
[WhiteElo "1531"]
[BlackElo "1866"]
[PlyCount "68"]
[EventDate "2022.07.29"]
[EventType "team-swiss"]
[EventRounds "11"]
[EventCountry "IND"]
[SourceTitle "CBM 210"]
[Source "ChessBase"]
[SourceDate "2022.10.31"]
[SourceVersion "1"]
[SourceVersionDate "2022.10.31"]
[SourceQuality "1"]
[WhiteTeam "South Korea (W)"]
[BlackTeam "Montenegro (W)"]
[WhiteTeamCountry "KOR"]
[BlackTeamCountry "MNE"]

1. d4 d5 2. c4 c6 3. Nf3 Nf6 4. Nc3 dxc4 5. a4 Bf5 6. e3 e6 7. Bxc4 Nbd7 8. 0-0 Be7 9. h3 0-0 10. Re1 Ne4 11. Nxe4 Bxe4 12. Bd3 Nf6 13. Bxe4 Nxe4 14. Qb3 Qb6 15. Qd3 Nf6 16. Bd2 Rfd8 17. Ne5 c5 18. a5 Qd6 19. Nc4 Qd5 20. Bc3 Ne4 21. Nd2 Nxd2 22. Qxd2 Bf6 23. Rad1 cxd4 24. Bxd4 Bxd4 25. exd4 Rac8 26. Rc1 Rxc1 27. Rxc1 e5 28. Rc7 exd4 29. a6 bxa6 30. Rxa7 Qc4 31. Qa5 Re8 32. Rxa6 g6 33. Qa4 Qc1+ 34. Kh2 Qf4+ 0-1